Lanean...
Todas
| Egile nagusia: | |
|---|---|
| Formatua: | Printed Book |
| Argitaratua: |
New Delhi
Rawat
1986
|
| Gaiak: |
| LEADER | 00477cam a2200157ua 4500 | ||
|---|---|---|---|
| 020 | |a 81-7033-014-9 | ||
| 082 | |a 306.089 948 1 |b RIV/T.1 | ||
| 100 | |a Rivers, W.H.R | ||
| 245 | 1 | 0 | |a Todas |
| 260 | |a New Delhi |b Rawat |c 1986 | ||
| 300 | |a xviii,416p. | ||
| 650 | |a Todas- Tribal commuities | ||
| 650 | |a India | ||
| 942 | |c BK | ||
| 999 | |c 1644 |d 1644 | ||
| 952 | |0 0 |1 0 |4 0 |6 306_089000000000000_948_1_RIVT |7 0 |9 1706 |a KUCL |b KUCL |d 2014-05-23 |l 1 |m 1 |o 306.089 948 1 RIV/T.1 |p 04763 |r 2016-05-10 |s 2016-02-26 |y BK | ||